000 00528nam a22001697a 4500
005 20251108165015.0
008 250721s1994 xx 000 0 ara d
082 1 4 _a924.1/عوي
100 1 _aعويضه، مصطفى
245 1 0 _aأبو منصور الجواليقي و جهوده في اللغة 465-540 هـ /
264 1 _aالقاهرة :
_bدار طوباس للنشر و التوزيع،
_c1994.
300 _a204ص.
650 1 7 _aالتراجم
650 1 7 _aاللغويون
942 _2ddc
_cBK
999 _c19726
_d19726